[Event "Tanta Open"]
[Site "Tanta City EGY"]
[Date "2002.05.20"]
[Round "7"]
[White "Meged,E"]
[Black "Hakki,I"]
[Result "0-1"]
[WhiteElo "2177"]
[BlackElo "2431"]

1.d4 Nf6 2.Nf3 g6 3.c4 Bg7 4.Nc3 O-O 5.e4 d6 6.Be2 e5 7.dxe5 dxe5 8.Qxd8 Rxd8
9.Bg5 c6 10.Nxe5 Re8 11.O-O-O Na6 12.f4 h6 13.Bh4 g5 14.fxg5 hxg5 15.Bg3 Nc5
16.Nf3 Nfxe4 17.Nxe4 Nxe4 18.Bd3 Bg4 19.Rde1 Bf5 20.Bc2 g4 21.Ng5 Nxg3 22.hxg3 Bxc2
23.Kxc2 Rad8 24.b3 Rxe1 25.Rxe1 Bh6 26.Ne4 f5 27.Rh1 Kg7 28.Nc5 Rd2+ 29.Kc3 Rxg2
30.Nxb7 Rxg3+ 31.Kb4 Rf3 32.Nd8 Bd2+ 33.Kc5 Be3+ 34.Kxc6 g3 35.Ne6+ Kf6 36.Kd7 g2
37.Rd1 Rf1 38.Rd6 g1=Q 39.Nf4+ Ke5 40.Ng6+ Ke4 41.b4 Rd1 42.Ne7 Rxd6+  0-1

[Event "9th RUS-chT"]
[Site "Ekaterinburg RUS"]
[Date "2002.05.21"]
[Round "5"]
[White "Diu,V"]
[Black "Akopian,V"]
[Result "0-1"]
[WhiteElo "2412"]
[BlackElo "2678"]

1.d4 Nf6 2.c4 d6 3.Nc3 Nbd7 4.Nf3 g6 5.e4 e5 6.Be2 Bg7 7.O-O O-O 8.Be3 exd4
9.Nxd4 Re8 10.Qc2 c6 11.Rad1 Qe7 12.f3 a5 13.Rfe1 Nh5 14.Bf1 Nc5 15.Qd2 a4
16.Nde2 Bf8 17.Bg5 Qc7 18.Nf4 Nxf4 19.Bxf4 Be6 20.Qf2 Qa5 21.Bxd6 Bxd6 22.Rxd6 a3
23.Rc1 Qb4 24.Rd2 axb2 25.Rxb2 Qa5 26.Nd5 Red8 27.Nf4 Rd7 28.Rcb1 Rad8 29.Nxe6 Nxe6
30.Rxb7 Rd2 31.Qa7 Qc3 32.Rxf7 Ng5 33.Re7 c5 34.Qxc5 Nxf3+ 35.gxf3 Qxf3 36.Rb3 Rg2+  0-1

[Event "Guillermo Garcia TORRE"]
[Site "Santa Clara CUB"]
[Date "2002.05.22"]
[Round "4"]
[White "Garza Marco,S"]
[Black "Vazquez,R"]
[Result "1/2-1/2"]
[WhiteElo "2417"]
[BlackElo "2442"]

1.d4 Nf6 2.c4 g6 3.Nc3 Bg7 4.e4 d6 5.Be2 O-O 6.Nf3 e5 7.O-O exd4 8.Nxd4 Re8
9.f3 Nc6 10.Be3 Nh5 11.Qd2 Nf4 12.Rfd1 Ne6 13.Nxe6 Bxe6 14.Nd5 a5 15.Rac1 b6
16.Bf1 Ne5 17.b3 Rf8 18.a3 f5 19.Bg5 Qd7 20.f4 Nc6 21.e5 Kh8 22.Qe1 Qf7 23.exd6 cxd6
24.Bh4 Rfe8 25.Qd2 Nd4 26.Qd3 Bxd5 27.cxd5 Re4 28.Bf2 b5 29.Kh1 Rxf4 30.Bxd4 Bxd4
31.Qxb5 Bb2 32.Rc2 Bxa3 33.Re1 Re4 34.Rce2 Bb4 35.Qc6 Rae8 36.Rxe4 fxe4 37.Rc1 Bc5
38.Qb5 Re5 39.Be2 Qf2 40.Rf1 Qe3 41.Qd7 Rf5 42.Qe8+ Kg7 43.Qe7+ Kg8 44.Qe8+ Kg7
45.Qe7+ Kh6 46.Qh4+  1/2-1/2

[Event "ch-LTU"]
[Site "Vilnius LTU"]
[Date "2002.05.22"]
[Round "8"]
[White "Ruzele,D"]
[Black "Asauskas,H"]
[Result "1-0"]
[WhiteElo "2545"]
[BlackElo "2384"]

1.d4 Nf6 2.c4 g6 3.Nc3 Bg7 4.e4 d6 5.Be2 O-O 6.Nf3 e5 7.O-O exd4 8.Nxd4 Re8
9.f3 c6 10.Kh1 Nbd7 11.Bf4 Nh5 12.Bxd6 Qf6 13.Nc2 Nf4 14.c5 Nxc5 15.e5 Qg5
16.g3 Bh3 17.Bxc5 Rad8 18.Ne4 Bg2+ 19.Kg1 Rxd1 20.Nxg5 Rd2 21.gxf4 Bxf1 22.Bxf1 Rxc2
23.Ne4 Rd8 24.b3 Bf8 25.Bd6 Bxd6 26.Nxd6 Kf8 27.Bc4 Rd7 28.a4 Rd2 29.Rf1 a6
30.a5 Ra2 31.Rd1 Rxa5 32.Bxf7 Rxf7 33.Nxf7 Kxf7 34.Rd7+ Ke6 35.Rxb7 g5 36.fxg5 Kxe5
37.h4 Kf4 38.Kg2 Rb5 39.Rxh7 Rxb3 40.Rf7+ Ke5 41.h5  1-0

[Event "Spring"]
[Site "Tel Aviv ISR"]
[Date "2002.05.24"]
[Round "6"]
[White "Lerner,K"]
[Black "Kreizberg,M"]
[Result "1-0"]
[WhiteElo "2559"]
[BlackElo "2334"]

1.d4 Nf6 2.c4 g6 3.Nc3 Bg7 4.e4 d6 5.Be2 O-O 6.Nf3 Na6 7.O-O e5 8.Re1 Re8
9.Bf1 Bg4 10.d5 Nb4 11.Be2 a5 12.Be3 Qe7 13.a3 Na6 14.Nd2 Bd7 15.Rb1 Nc5
16.b4 axb4 17.axb4 Na4 18.Qc2 Nxc3 19.Qxc3 Ng4 20.Bxg4 Bxg4 21.c5 Bd7 22.b5 f5
23.f3 Rec8 24.c6 bxc6 25.bxc6 Be8 26.Rb7 Bh6 27.Bxh6 Qh4 28.Qe3 f4 29.Bxf4 exf4
30.Qf2 Qf6 31.e5 dxe5 32.Ne4 Qd8 33.Qb2 Ra5 34.Qxe5 Bxc6 35.Qe6+ Kg7 36.Qxc6 Rxd5
37.Qc3+ Kh6 38.Nf2 g5 39.Ng4+ Kg6 40.Re6+ Kf7 41.Rf6+  1-0

[Event "11th Open"]
[Site "Chicago USA"]
[Date "2002.05.26"]
[Round "4"]
[White "Vigorito,D"]
[Black "Narayan,C"]
[Result "1-0"]
[WhiteElo "2339"]
[BlackElo "2266"]

1.Nf3 Nf6 2.c4 g6 3.Nc3 Bg7 4.e4 d6 5.d4 O-O 6.Be2 e5 7.d5 Nbd7 8.Be3 Ne8
9.g4 Nc5 10.Rg1 f5 11.gxf5 gxf5 12.exf5 Bxf5 13.Ng5 Qf6 14.Qd2 Kh8 15.O-O-O h6
16.Bxc5 dxc5 17.Nge4 Qe7 18.Rg3 Nf6 19.Rdg1 Nxe4 20.Nxe4 Rg8 21.Bd3 Raf8
22.f3 b6 23.Qg2 Rf7 24.Bc2 Rd8 25.Ng5 hxg5 26.Bxf5 Bh6 27.Be4 Rf4 28.Kb1 Kg7
29.Qh3 Rh8 30.Qh5 Qf6 31.h4 g4 32.Rxg4+ Rxg4 33.Qxg4+ Kf8 34.Qc8+ Kf7 35.Qxc7+ Qe7
36.Bg6+ Kf6 37.Qc6+ Kg7 38.Bh5+  1-0

[Event "Open A"]
[Site "Ostrava CZE"]
[Date "2002.05.26"]
[Round "10"]
[White "Garlik,M"]
[Black "Hladik,O"]
[Result "0-1"]
[WhiteElo "2078"]
[BlackElo "2259"]

1.d4 Nf6 2.c4 g6 3.Nc3 Bg7 4.e4 d6 5.Nf3 O-O 6.Be2 Na6 7.O-O e5 8.Re1 exd4
9.Nxd4 Nc5 10.f3 Nh5 11.Be3 Ne6 12.Bf1 Be5 13.Qd2 Qh4 14.g3 Nxg3 15.hxg3 Qxg3+
16.Bg2 Nxd4 17.Bxd4 Qh2+ 18.Kf1 Bh3 19.Bg1 Qh1 20.Bxh3 Qxf3+ 21.Bf2 Qxh3+
22.Ke2 Rae8 23.Qe3 Qe6 24.Kd3 f5 25.Bh4 fxe4+ 26.Nxe4 Qg4 27.Qg5 Rf3+ 28.Kc2 Qe6
29.Nd2 Rf5 30.Qg4 Ref8 31.Rf1 Bxb2 32.Rae1 Be5 33.Rxf5 Qxf5+ 34.Qxf5 Rxf5
35.Rf1 Rxf1 36.Nxf1 h6 37.Bg3 Bxg3 38.Nxg3 Kf7 39.Kd3 Ke6 40.Ke4 c6 41.a4 h5
42.Ne2 g5 43.Nd4+ Kf6 44.a5 h4 45.Nf3 h3 46.Nh2 Ke6 47.Nf1 d5+ 48.cxd5+ cxd5+
49.Kd4 g4 50.Ng3 h2 51.Nh1 Kd6 52.Ng3 Kc6  0-1

[Event "FSGM June"]
[Site "Budapest HUN"]
[Date "2002.06.03"]
[Round "3"]
[White "Sahovic,D"]
[Black "Dembo,Y"]
[Result "1/2-1/2"]
[WhiteElo "2371"]
[BlackElo "2363"]

1.d4 Nf6 2.c4 g6 3.Nc3 Bg7 4.e4 d6 5.Nf3 O-O 6.Be2 e5 7.Be3 Ng4 8.Bg5 f6
9.Bh4 g5 10.Bg3 Nh6 11.dxe5 dxe5 12.Qxd8 Rxd8 13.Nd5 Rd7 14.c5 c6 15.Ne3 Bf8
16.Rc1 Na6 17.Bxa6 bxa6 18.Nd2 Rb7 19.Nb3 Be6 20.Nc4 Rb4 21.Nbd2 Rb5 22.a4 Rb4
23.b3 Rd8 24.Na5 Rbd4 25.Rc2 R4d7 26.f3 Rc8 27.Ke2 Be7 28.Rd1 Bd8 29.Nac4 Bc7
30.Bf2 Nf7 31.Nb1 Rxd1 32.Kxd1 Rb8 33.Nbd2 Kf8 34.Rc3 Ke7 35.Ke2 h5 36.Rd3 h4
37.Ne3 Nh8 38.Nf5+ Kf8 39.g3 hxg3 40.hxg3 Ng6 41.Be1 Kf7 42.Nd6+ Ke7 43.N2c4 Bxc4
44.Nxc4 Rd8 45.Rxd8 Kxd8 46.Ne3 Nf8 47.Nf5 Ne6 48.Bf2 Ba5 49.Kd3 Bb4 50.Kc4 a5
51.Be3 Kd7 52.Nh6 Ke7 53.Bf2 Bd2 54.Nf5+ Kd7 55.Nd6 Bb4 56.Be3 Be1 57.Nf5 Bb4
58.Bf2 Bd2 59.Nh6 Ke7 60.Ng4 Kf7 61.Nh2 Bb4 62.Nf1 Ke8 63.Be3 Kd7 64.Nh2 Be1
65.Nf1 Bb4 66.Bf2 Ke8  1/2-1/2

[Event "TCh-BIH"]
[Site "Neum BIH"]
[Date "2002.06.05"]
[Round "5"]
[White "Lugovoi,A"]
[Black "Benderac,S"]
[Result "1-0"]
[WhiteElo "2510"]
[BlackElo "2345"]

1.d4 Nf6 2.c4 g6 3.Nc3 Bg7 4.e4 d6 5.Nf3 O-O 6.Be2 e5 7.d5 a5 8.Bg5 h6 9.Bh4 Qe8
10.Nd2 Na6 11.O-O Nh7 12.a3 Bd7 13.b3 f5 14.f3 g5 15.Bf2 f4 16.Rb1 h5 17.b4 axb4
18.axb4 Qg6 19.c5 g4 20.c6 g3 21.cxd7 gxf2+ 22.Rxf2 Nf6 23.Bxa6 Rxa6 24.Nb5 Nxd7
25.Nxc7 Ra2 26.Qb3 Ra7 27.Nc4 Rc8 28.Nb5 Ra6 29.Ra2 Bf8 30.Rxa6 bxa6 31.Na7 Rc7
32.Nc6 Nf6 33.N4xe5 Qg5 34.Nc4 h4 35.h3 Rg7 36.Qb2 Qg3 37.Nd4 Qxh3 38.Ne6 Qg3
39.Nxg7 Bxg7 40.Qf2 Qg5 41.Nxd6 h3 42.Nf5 Bf8 43.Kh2 a5 44.gxh3 Nh5 45.Rg1 Ng3
46.Nxg3 fxg3+ 47.Rxg3 Bd6 48.f4  1-0

[Event "TCh-BIH"]
[Site "Neum BIH"]
[Date "2002.06.06"]
[Round "7"]
[White "Kozul,Z"]
[Black "Bejtovic,J"]
[Result "1-0"]
[WhiteElo "2595"]
[BlackElo "2319"]

1.d4 Nf6 2.Nf3 g6 3.c4 Bg7 4.Nc3 O-O 5.e4 d6 6.Be2 e5 7.O-O Nbd7 8.Qc2 exd4
9.Nxd4 Re8 10.Rd1 c6 11.Bg5 Qe7 12.f3 h6 13.Bh4 Nf8 14.Qd2 N8h7 15.Bf2 Nh5
16.f4 N5f6 17.Re1 Ng4 18.Bxg4 Bxg4 19.h3 Be6 20.b3 Qc7 21.Rad1 Qa5 22.Qb2 Nf6
23.b4 Qc7 24.Qb3 Kh7 25.g4 Rad8 26.Nxe6 Rxe6 27.c5 dxc5 28.Rxd8 Qxd8 29.bxc5 Qd3
30.Re3 Qd4 31.Rf3 Qd2 32.e5 Nd5 33.Nxd5 cxd5 34.Qxb7 d4 35.Qxf7 Ra6 36.f5 gxf5
37.Qxf5+  1-0

[Event "Panam U20"]
[Site "La Paz BOL"]
[Date "2002.06.10"]
[Round "5"]
[White "Parraga,Al"]
[Black "Roldan,R"]
[Result "1/2-1/2"]
[WhiteElo "2205"]
[BlackElo "2263"]

1.d4 Nf6 2.c4 g6 3.Nc3 Bg7 4.e4 d6 5.Nf3 O-O 6.Be2 e5 7.d5 Nbd7 8.Bg5 h6
9.Bh4 Re8 10.Nd2 Nf8 11.Bg3 N6d7 12.Qc2 c6 13.O-O g5 14.Rfd1 c5 15.Bg4 Nf6
16.Bxc8 Rxc8 17.Nf1 Ng6 18.Ne3 g4 19.Qe2 h5 20.Nf5 Nh7 21.h4 a6 22.Qe3 Qf6
23.a3 Ne7 24.Qd3 Nf8 25.b4 Nd7 26.Rab1 Rb8 27.Rf1 Bh8 28.f3 gxf3 29.Rxf3 Qg6
30.Qe3 Bg7 31.Rbf1 Nxf5 32.exf5 Qh6 33.Qxh6 Bxh6 34.Ne4 Bf8 35.bxc5 dxc5
36.f6 Bh6 37.Rf5 Kh7 38.Nd6 Rg8 39.Bxe5 Rg4 40.Bf4 Bxf4 41.R1xf4 Rxf4 42.Rxf4 Kg6
43.Ne4 b5 44.cxb5 axb5 45.Kh2 b4 46.axb4 cxb4 47.Rf2 b3 48.Rb2 Nxf6 49.Nd2 Nxd5
50.Rxb3 Rxb3 51.Nxb3 Kf5 52.Kg3 Kg6 53.Nc5 Kf5 54.Kf3 Nf4 55.g3 Ng6 56.Nb3 Ne5+
57.Kf2 Ng6 58.Nd2 Kg4 59.Nf3 f5 60.Nh2+ Kh3 61.Nf3 Kg4 62.Kg2 f4 63.Nh2+ Kf5  1/2-1/2

[Event "3rd IECC"]
[Site "Batumi GEO"]
[Date "2002.06.12"]
[Round "1"]
[White "Kekelidze,M"]
[Black "Duman,A"]
[Result "1-0"]
[WhiteElo "2477"]
[BlackElo "2155"]

1.d4 Nf6 2.Nf3 g6 3.c4 Bg7 4.Nc3 O-O 5.e4 d6 6.Be2 e5 7.O-O Na6 8.Bg5 Qe8
9.d5 Nc5 10.Nd2 a5 11.b3 Nfd7 12.a3 f5 13.b4 axb4 14.axb4 Rxa1 15.Qxa1 Na6
16.Qa3 Nf6 17.c5 h6 18.Bxf6 Bxf6 19.c6 Bg5 20.Nf3 Nb8 21.Qa7 Nxc6 22.dxc6 Qxc6
23.Qa2+ Kg7 24.Nxg5 Qxc3 25.Ne6+ Bxe6 26.Qxe6 Qxb4 27.Bc4  1-0

[Event "3rd IECC"]
[Site "Batumi GEO"]
[Date "2002.06.13"]
[Round "2"]
[White "Danner,G"]
[Black "Mareck,S"]
[Result "0-1"]
[WhiteElo "2407"]
[BlackElo "2249"]

1.d4 Nf6 2.c4 g6 3.Nc3 Bg7 4.e4 d6 5.Nf3 O-O 6.Be2 e5 7.d5 a5 8.Be3 Na6 9.Nd2 Bd7
10.a3 Ne8 11.O-O f5 12.exf5 gxf5 13.f4 Nf6 14.fxe5 dxe5 15.c5 Qe7 16.Qb3 Kh8
17.Qc4 Qe8 18.b4 c6 19.dxc6 bxc6 20.bxa5 Nc7 21.Qh4 Ncd5 22.Nxd5 Nxd5 23.Bh6 Bxh6
24.Qxh6 Rf6 25.Qh4 Qf8 26.Nb3 Qg7 27.Rf3 Nf4 28.Rxf4 exf4 29.Qxf4 Be6 30.Nd4 Bd5
31.g3 Re6 32.Rb1 Re4 33.Rb8+ Bg8 34.Nxf5 Qa1+ 35.Qf1 Qxf1+ 36.Bxf1 Rxb8  0-1

[Event "3rd IECC"]
[Site "Batumi GEO"]
[Date "2002.06.13"]
[Round "2"]
[White "Kamadadze,Z"]
[Black "Fedorov,Alex"]
[Result "0-1"]
[WhiteElo "2225"]
[BlackElo "2598"]

1.d4 Nf6 2.c4 g6 3.Nc3 Bg7 4.e4 d6 5.Be2 O-O 6.Nf3 e5 7.dxe5 dxe5 8.Qxd8 Rxd8
9.Bg5 Nbd7 10.O-O-O Rf8 11.Ne1 c6 12.Be3 Re8 13.Nc2 b6 14.f3 Bb7 15.Rd2 Nf8
16.Rhd1 Ne6 17.Kb1 Bf8 18.g3 Bc5 19.Bxc5 Nxc5 20.Bf1 a5 21.b3 Kf8 22.Kb2 Ke7
23.a3 Red8 24.b4 axb4 25.axb4 Rxd2 26.Rxd2 Na4+ 27.Nxa4 Rxa4 28.Kb3 Ra8 29.Bh3 h5
30.c5 bxc5 31.bxc5 h4 32.Nb4 hxg3 33.hxg3 Rh8 34.Bg4 Nxg4 35.fxg4 Rh3 36.Rd3 Rh1
37.Re3 g5 38.Kc3 Rc1+ 39.Nc2 Bc8 40.Re1 Rxe1 41.Nxe1 Bxg4 42.Nd3 Bf3 43.Nxe5 Bxe4
44.Kd4 Bg2 45.Nc4 Ke6 46.Ne3 Bf3 47.Nc2 f5 48.Ne3 f4 49.gxf4 gxf4 50.Nf1 Kf5
51.Kd3 Kg4 52.Kd2 Bg2  0-1

[Event "Open"]
[Site "Lido Estensi ITA"]
[Date "2002.06.13"]
[Round "6"]
[White "Laketic,G"]
[Black "Nevednichy,V"]
[Result "0-1"]
[WhiteElo "2446"]
[BlackElo "2560"]

1.d4 Nf6 2.Nf3 g6 3.c4 Bg7 4.Nc3 O-O 5.e4 d6 6.Be2 e5 7.d5 a5 8.Bg5 Na6 9.Nd2 Qe8
10.a3 Kh8 11.h4 Ng8 12.h5 f5 13.Nf3 Bf6 14.Be3 f4 15.hxg6 Qxg6 16.Bd2 Qxg2
17.Rh2 Qg6 18.Qc2 Rf7 19.O-O-O Rg7 20.Rdh1 Qf7 21.Nb5 Nc5 22.Bc3 Qe7 23.b4 axb4
24.axb4 Na4 25.Bd2 c6 26.Nc3 Nxc3 27.Bxc3 cxd5 28.exd5 e4 29.Ng5 Rxg5 30.Rxh7+ Qxh7
31.Rxh7+ Kxh7 32.Qxe4+ Bf5  0-1

[Event "Open"]
[Site "Lido Estensi ITA"]
[Date "2002.06.13"]
[Round "6"]
[White "Misanovic,V"]
[Black "Costantini,L"]
[Result "1-0"]
[WhiteElo "2347"]
[BlackElo "2058"]

1.d4 Nf6 2.c4 g6 3.Nc3 Bg7 4.e4 d6 5.Nf3 O-O 6.Be2 e5 7.d5 a5 8.h3 Na6 9.Bg5 Qe8
10.g4 Nd7 11.Rg1 Ndc5 12.Nd2 Kh8 13.Nf1 f5 14.gxf5 gxf5 15.Ng3 fxe4 16.Ngxe4 Bf5
17.Bh5 Bg6 18.Bxg6 Qxg6 19.Rg4 Qf5 20.Qe2 Qf3 21.Qxf3 Rxf3 22.Ke2 Rxh3 23.Rag1 h5
24.R4g2 Rf8 25.Be7 Nxe4 26.Nxe4 Rf4 27.Ng5 Rhh4 28.Nf7+ Rxf7 29.Bxh4 Bh6
30.Rg6 Kh7 31.Rf6 Rg7 32.Rxg7+ Kxg7 33.Re6 Bf4 34.b3 Kf7 35.Kf3 Kf8 36.Bd8 Kf7
37.Re7+ Kf8 38.Rh7 c6 39.Rxb7 cxd5 40.cxd5 Nb4 41.Be7+  1-0

[Event "3rd IECC"]
[Site "Batumi GEO"]
[Date "2002.06.15"]
[Round "4"]
[White "Izoria,Z"]
[Black "Jojua,D"]
[Result "1/2-1/2"]
[WhiteElo "2556"]
[BlackElo "2125"]

1.d4 Nf6 2.Nf3 g6 3.c4 Bg7 4.Nc3 d6 5.e4 O-O 6.Be2 Nbd7 7.O-O e5 8.Be3 exd4
9.Nxd4 Nc5 10.f3 c6 11.Qd2 a5 12.Rfd1 Nfd7 13.Nb3 Be5 14.Nxc5 dxc5 15.f4 Bxc3
16.Qxc3 Qe7 17.Bf3 Re8 18.Bf2 Nf8 19.e5 Ne6 20.g3 g5 21.Kh1 gxf4 22.Rg1 fxg3
23.Rxg3+ Kh8 24.Qe3 Nd4 25.Rag1 Bf5 26.Bh5 Rg8 27.Qf4 Bg6 28.Bxg6 fxg6 29.Bxd4 cxd4
30.Qxd4 Rad8 31.Qc3 Qe6 32.Qe3 Rde8 33.Re1  1/2-1/2

[Event "3rd IECC"]
[Site "Batumi GEO"]
[Date "2002.06.16"]
[Round "5"]
[White "Erdogan,H"]
[Black "Duman,A"]
[Result "1-0"]
[WhiteElo "2233"]
[BlackElo "2155"]

1.d4 Nf6 2.c4 g6 3.Nc3 Bg7 4.e4 d6 5.Nf3 O-O 6.Be2 e5 7.dxe5 dxe5 8.Qxd8 Rxd8
9.Bg5 Nbd7 10.O-O-O Rf8 11.h3 Nc5 12.Nd2 Ne6 13.Be3 b6 14.Rhf1 Bb7 15.Nd5 c6
16.Nxf6+ Bxf6 17.c5 b5 18.Nb3 a5 19.Rd7 Bc8 20.Rd6 a4 21.Na1 Be7 22.Rxc6 Bd7
23.Rb6 Bxc5 24.Bxc5 Nxc5 25.Rd1 Be6 26.f3 Bxa2 27.Rxb5 Rac8 28.Kd2 Rfd8+
29.Ke3 Rxd1 30.Bxd1 Bc4 31.Ra5 Nd3 32.Bxa4 Nxb2 33.Bc2 Be6 34.Ke2 Nc4 35.Ra6 Rd8
36.Bb3 Rd2+ 37.Ke1 Rb2 38.Ra2 Rb1+ 39.Ke2 Rg1 40.Kd3 Nd6 41.Bxe6 fxe6 42.Nb3 Kg7
43.Nc5 Kf6 44.h4 Nf7 45.g4 Rh1 46.g5+ Ke7 47.Ra7+ Ke8 48.Nxe6 Rxh4 49.Kc4 Rh1
50.Nc7+ Kf8 51.Ra8+ Ke7 52.Nd5+ Ke6 53.Ra6+ Kd7 54.Ra7+ Ke8 55.Nf6+ Kf8 56.Ng4 Rc1+
57.Kd3 Nxg5 58.Nxe5 Rf1 59.Ke2 Rh1 60.Ke3 Ne6 61.Kf2 g5 62.Kg2 Rh4 63.Ra6 Ke7
64.Nc6+ Kf8 65.Ra8+ Kg7 66.Ra7+ Kf6 67.Ra6 Rh6 68.Kg3 Kf7 69.Ne5+ Kg7 70.Ra7+ Kg8
71.Kg4 Rf6 72.Kh5 h6 73.Kg4 Rf4+ 74.Kg3 Rf6 75.Ng4 Rg6 76.e5 Kf8 77.Nf6 Rg7
78.Ra8+ Kf7 79.Kg4 Kg6 80.Ra6 Re7 81.Nd5 h5+ 82.Kg3 Re8 83.Nc7 Rc8 84.Rxe6+ Kf5
85.Re7 g4 86.f4 h4+ 87.Kxh4 Kxf4 88.Nd5+ Kf5 89.Kg3 Rc5 90.Ne3+ Kg5 91.Re8 Rc3
92.Rg8+ Kh6 93.Kf4 Kh5 94.Rg5+ Kh6 95.Rxg4 Kh7 96.e6  1-0

[Event "Open"]
[Site "Lido Estensi ITA"]
[Date "2002.06.16"]
[Round "9"]
[White "Brancaleoni,M"]
[Black "Cedikova,K"]
[Result "1/2-1/2"]
[WhiteElo "2246"]
[BlackElo "2168"]

1.Nf3 Nf6 2.c4 g6 3.Nc3 Bg7 4.e4 d6 5.d4 O-O 6.Be2 e5 7.Be3 Ng4 8.Bg5 f6
9.Bc1 Nc6 10.d5 Ne7 11.h3 Nh6 12.h4 f5 13.h5 gxh5 14.Rxh5 Ng4 15.Ng5 Nf6
16.Rh1 fxe4 17.Ncxe4 h6 18.Nxf6+ Rxf6 19.Ne4 Rg6 20.Bh5 Bf5 21.Bxg6 Bxg6
22.Ng3 Qf8 23.Be3 Nf5 24.Nxf5 Qxf5 25.Qe2 h5 26.Rd1 Rf8 27.c5 Qe4 28.f3 Qb4+
29.Qd2 Qb5 30.cxd6 cxd6 31.Bh6 e4 32.Bxg7 Kxg7 33.Kf2 Kh7 34.b3 exf3 35.gxf3 Qc5+
36.Qe3 Qc2+ 37.Rd2 Qf5 38.Rc1 Rf7 39.Rdc2 Qh3 40.Rc7 Qh2+ 41.Kf1 Qh1+ 42.Ke2 Qh2+
43.Qf2 Qe5+ 44.Kf1 Qxd5 45.Rxf7+ Qxf7 46.Qg3 Qf6 47.f4 h4 48.Rc7+ Kh6 49.Qg5+ Qxg5
50.fxg5+ Kxg5 51.Rxb7 Be4 52.Rxa7 h3 53.Kg1 Kf4 54.Kh2 d5 55.b4 d4 56.b5 d3
57.Rd7 Ke3 58.b6 d2 59.a3 Bd3 60.Rxd3+ Kxd3 61.b7 d1=Q 62.b8=Q Qa4 63.Qb2 Kc4
64.Qa2+ Qb3 65.Qe2+ Kc5 66.Qa6 Qf3 67.Qa5+ Kc4 68.Qb4+ Kd3 69.Qb3+ Ke2 70.Qc2+ Kf1
71.Qc1+ Ke2 72.Qc4+ Kf2 73.Qa2+ Kf1 74.Qa1+ Ke2 75.Qb2+ Kf1 76.Qc1+ Ke2 77.Qc4+ Kf2
78.Qh4+ Ke2 79.Qe7+ Kf2 80.Qc5+ Ke2 81.Qb5+ Kf2 82.Qb6+ Ke2 83.Qg6 Qg2+ 84.Qxg2+ hxg2
85.Kxg2  1/2-1/2

[Event "Open"]
[Site "Lido Estensi ITA"]
[Date "2002.06.16"]
[Round "9"]
[White "Naumkin,I"]
[Black "Isonzo,D"]
[Result "1-0"]
[WhiteElo "2433"]
[BlackElo "2360"]

1.d4 Nf6 2.c4 g6 3.Nc3 Bg7 4.e4 d6 5.Nf3 O-O 6.Be2 e5 7.d5 Na6 8.Bg5 h6 9.Bh4 g5
10.Bg3 Nh5 11.h4 Nxg3 12.fxg3 g4 13.Nh2 h5 14.O-O f5 15.exf5 Bxf5 16.Bd3 Bxd3
17.Qxd3 Nc5 18.Qg6 Rxf1+ 19.Rxf1 Qe8 20.Qg5 e4 21.Rf5 a6 22.Ne2 Nd3 23.Nf1 c5
24.Ne3 b5 25.Rf1 Kh7 26.b3 Qg6 27.Qe7 Re8 28.Qb7 bxc4 29.bxc4 Kh8 30.Kh2 Bh6
31.Nf5 Rf8 32.Qxa6 Rxf5 33.Qc8+ Rf8 34.Rxf8+ Bxf8 35.Qxf8+ Kh7 36.Qe7+ Kh6
37.a4 Ne5 38.Nf4 Qf5 39.Qxd6+ Kh7 40.Qe7+ Kh6 41.Ne6 Nf7 42.Qf8+  1-0

[Event "Open"]
[Site "Lido Estensi ITA"]
[Date "2002.06.16"]
[Round "9"]
[White "Barlocco,C"]
[Black "Kort,J"]
[Result "1-0"]
[WhiteElo "2129"]
[BlackElo "2250"]

1.d4 Nf6 2.c4 g6 3.Nc3 Bg7 4.e4 d6 5.Nf3 O-O 6.Be2 Nbd7 7.O-O e5 8.Be3 c6
9.h3 exd4 10.Nxd4 Re8 11.Bf3 Ne5 12.b3 a6 13.Re1 Rb8 14.Rc1 Nfd7 15.Be2 f6
16.f4 Nf7 17.Bf3 a5 18.a3 Ra8 19.Qc2 f5 20.Bf2 Nc5 21.e5 dxe5 22.Nxc6 bxc6
23.Bxc6 Bd7 24.Bxa8 Ne6 25.Bd5 Nxf4 26.Rcd1 Qe7 27.Qd2 Bc8 28.Bxf7+ Qxf7
29.Nd5 Ne6 30.Qxa5 f4 31.Nc3 Bb7 32.Qb5 Ba8 33.Rd7 Qf5 34.Nd5 Bf8 35.Rxh7 Kxh7
36.Qxe8 Bxd5 37.cxd5 Ng7 38.Qxe5  1-0

[Event "6th Open"]
[Site "Voronezh RUS"]
[Date "2002.06.17"]
[Round "5"]
[White "Rychagov,A"]
[Black "Kokarev,D"]
[Result "1/2-1/2"]
[WhiteElo "2539"]
[BlackElo "2478"]

1.d4 Nf6 2.c4 g6 3.Nc3 Bg7 4.e4 O-O 5.Nf3 d6 6.Be2 e5 7.O-O c6 8.Re1 exd4
9.Nxd4 Re8 10.Bf1 Qb6 11.Nc2 Ng4 12.Ne3 Nxe3 13.Rxe3 Be6 14.Na4 Qc7 15.Re1 Nd7
16.Bf4 Be5 17.Be3 f5 18.exf5 Bxf5 19.Qd2 Nc5 20.Nc3 a5 21.Bf4 Ne6 22.Bxe5 dxe5
23.Ne4 Bxe4 24.Rxe4 Nc5 25.Ree1 Rad8 26.Qe3 b6 27.Rad1 e4 28.b3 Rxd1 29.Rxd1 Rd8
30.Rd4 Rd7 31.h3 Qe5 32.Rxd7 Nxd7 33.g3 c5 34.Bg2 Nf6 35.Kh2 h5 36.Kg1  1/2-1/2

[Event "3rd IECC"]
[Site "Batumi GEO"]
[Date "2002.06.20"]
[Round "8"]
[White "Danner,G"]
[Black "Karadeniz,E"]
[Result "0-1"]
[WhiteElo "2407"]
[BlackElo "2307"]

1.d4 Nf6 2.Nf3 g6 3.c4 Bg7 4.Nc3 d6 5.e4 O-O 6.Be2 e5 7.d5 a5 8.Bg5 h6 9.Bh4 Na6
10.Nd2 Qe8 11.a3 Bd7 12.b3 Nh7 13.f3 h5 14.Rb1 Bh6 15.Bf2 Qe7 16.b4 axb4
17.axb4 h4 18.c5 dxc5 19.b5 Nb4 20.Nc4 b6 21.d6 cxd6 22.Nxb6 Rad8 23.Ncd5 Nxd5
24.Nxd5 Qg5 25.g4 Be6 26.Be3 Qxe3 27.Nxe3 Bxe3 28.b6 d5 29.Qc2 Ng5 30.b7 Rb8
31.Rf1 Rfd8 32.Qc3 Bf4 33.Qxc5 dxe4 34.fxe4 Bxh2 35.Bf3 Bg3+ 36.Ke2 Nxf3
37.Rxf3 Bxg4 38.Qc7 Bf4 39.Kf2 Bxf3 40.Kxf3 h3 41.Rd1 Rxd1 42.Qxb8+ Kg7 43.Qc8 h2
44.Qh3 Rd3+ 45.Kg2 Rxh3 46.Kh1 Rb3 47.b8=Q Rxb8 48.Kg2 Rb2+ 49.Kh1 Rb1+  0-1

[Event "3rd IECC"]
[Site "Batumi GEO"]
[Date "2002.06.22"]
[Round "10"]
[White "Danner,G"]
[Black "Mamedjarova,Z"]
[Result "1/2-1/2"]
[WhiteElo "2407"]
[BlackElo "2312"]

1.d4 Nf6 2.Nf3 g6 3.c4 Bg7 4.Nc3 d6 5.e4 O-O 6.Be2 e5 7.d5 a5 8.Be3 Na6 9.Nd2 h5
10.f3 Nh7 11.a3 Bd7 12.Rb1 f5 13.b4 axb4 14.axb4 Qh4+ 15.Bf2 Qg5 16.Rg1 Bh6
17.c5 Nf6 18.Nf1 fxe4 19.Be3 Qh4+ 20.Bf2 Qg5 21.Be3 Qh4+ 22.Bf2 Qg5 23.Be3 Qh4+  1/2-1/2

[Event "13th Open"]
[Site "Ljubljana SLO"]
[Date "2002.06.23"]
[Round "2"]
[White "Eljanov,P"]
[Black "Praznik,A"]
[Result "1-0"]
[WhiteElo "2561"]
[BlackElo "2231"]

1.d4 Nf6 2.Nf3 g6 3.c4 Bg7 4.Nc3 O-O 5.e4 d6 6.Be2 e5 7.O-O Nbd7 8.Qc2 c6
9.d5 c5 10.Bg5 h6 11.Be3 Nh5 12.g3 a6 13.a3 Ndf6 14.Kg2 Ne8 15.Ng1 f5 16.exf5 Bxf5
17.Qd2 Nef6 18.f3 Bd7 19.Bxh6 Nf4+ 20.Bxf4 exf4 21.g4 g5 22.Bd3 b5 23.cxb5 axb5
24.Bxb5 Rb8 25.a4 Bxb5 26.Nxb5 Nd7 27.Nh3 Ne5 28.Qc2 Bf6 29.Nf2 Kg7 30.Ne4 Nf7
31.Rae1 Be5 32.Re2 Rh8 33.b3 Rh6 34.Na7 Qh8 35.Rh1 Qh7 36.h3 Rh8 37.Nf2 Qxc2
38.Rxc2 Rb8 39.Rb1 Rb7 40.Nc6 Rh8 41.Ne4 Bf6 42.a5 Ra8 43.Ra2 Ra6 44.Kf1 Rb5
45.Ke2 Kg6 46.Kd1 Be5 47.Kc2 Bf6 48.Ra4 Bg7 49.b4 cxb4 50.Rbxb4  1-0

[Event "TSGM June"]
[Site "Belgrade YUG"]
[Date "2002.06.25"]
[Round "11"]
[White "Lundin,J"]
[Black "Markovic,Miros"]
[Result "0-1"]
[WhiteElo "2143"]
[BlackElo "2517"]

1.d4 Nf6 2.c4 g6 3.Nc3 Bg7 4.e4 d6 5.Nf3 O-O 6.Be2 e5 7.O-O exd4 8.Nxd4 Re8
9.f3 c6 10.Nc2 Na6 11.Kh1 Be6 12.Ne3 Nc5 13.Qc2 Nh5 14.g3 Bh3 15.Rd1 Qe7
16.Bf1 Qe6 17.Bg2 Bxg2+ 18.Kxg2 Rad8 19.b4 Nd7 20.Rb1 Nb6 21.Na4 Nxa4 22.Qxa4 f5
23.exf5 gxf5 24.Qa5 f4 25.Qxh5 fxe3 26.Bb2 Qxc4 27.Bxg7 Qc2+ 28.Kg1 Kxg7
29.Qg5+ Qg6 30.Qxg6+ hxg6 31.Rd4 d5 32.Kf1 a5 33.a3 axb4 34.axb4 Ra8 35.Rb2 Ra1+
36.Ke2 Rh1 37.Rh4 d4 38.Rc2 Rd8 39.Kd3 Rb1 40.Rc4 Rb3+ 41.Kc2 e2 42.Re4 Re3  0-1

[Event "Masters"]
[Site "Grenoble FRA"]
[Date "2002.06.28"]
[Round "7"]
[White "Bardel,S"]
[Black "Demarchi,O"]
[Result "1-0"]
[WhiteElo "2291"]
[BlackElo "2180"]

1.c4 g6 2.Nf3 Bg7 3.d4 d6 4.Nc3 Nf6 5.e4 O-O 6.Be2 e5 7.dxe5 dxe5 8.Qxd8 Rxd8
9.Bg5 Na6 10.Nd5 Nxd5 11.cxd5 f6 12.Be3 b6 13.Rc1 Bf8 14.Nd2 Bb7 15.O-O f5
16.Bg5 Rd7 17.a3 Kg7 18.Bb5 Rf7 19.exf5 gxf5 20.Nc4 Be7 21.Bxe7 Rxe7 22.Ne3 Rf8
23.Rfe1 Nc5 24.Rcd1 Kf6 25.d6 cxd6 26.Rxd6+ Re6 27.Red1 f4 28.Ng4+ Kf5 29.Rxe6 Nxe6
30.f3 h5 31.Nf2 Rd8 32.Bd7 Kf6 33.Rd6 Ke7 34.Rxe6+ Kxd7 35.Rxe5 Rc8 36.h4 Rc2
37.Rxh5 Rxb2 38.Rh7+ Kc6 39.h5 a5 40.h6 Rb1+ 41.Kh2 Rb5 42.Kh3 Bc8+ 43.Kh4 Bf5
44.Rg7 a4 45.Ne4 Rb2 46.Rg5 Bh7 47.Nf6 Bd3 48.Ne4 Bxe4 49.fxe4 f3 50.Rg6+ Kc5
51.gxf3 b5 52.Kg3 Rb1 53.Rg5+ Kc4 54.Rh5 Rg1+ 55.Kf4 Rg8 56.h7 Rh8 57.Kg5  1-0

[Event "II Open"]
[Site "St Chely d'Aubrac FRA"]
[Date "2002.06.29"]
[Round "3"]
[White "Boudre,JP"]
[Black "Apicella,M"]
[Result "0-1"]
[WhiteElo "2398"]
[BlackElo "2513"]

1.d4 Nf6 2.c4 g6 3.Nc3 Bg7 4.e4 d6 5.Nf3 O-O 6.Be2 Na6 7.O-O e5 8.Re1 c6
9.d5 Nc5 10.Bf1 a5 11.h3 a4 12.Rb1 cxd5 13.cxd5 Nh5 14.Bg5 f6 15.Be3 f5 16.Bxc5 dxc5
17.d6 Kh8 18.Rc1 a3 19.b3 fxe4 20.Nxe4 b6 21.Nfd2 Bb7 22.Qc2 Nf4 23.Rcd1 Ne6
24.Nc4 Nd4 25.Qc1 Rf4 26.Ncd2 Bh6 27.Qc3 Qf8 28.Bd3 Rd8 29.b4 cxb4 30.Qxb4 Bd5
31.Qxb6 Bxa2 32.Qc5 Ra8 33.Ra1 Be6 34.Rxa3 Rc8 35.Qxe5+ Bg7 36.Qa5 Nc6 37.Qa4 Bd4
38.Kh1 Bxf2 39.Nxf2 Rxa4 40.Rxa4 Qxf2  0-1

[Event "13th Open"]
[Site "Ljubljana SLO"]
[Date "2002.06.30"]
[Round "9"]
[White "Srebrnic,V"]
[Black "Tratar,M"]
[Result "1/2-1/2"]
[WhiteElo "2206"]
[BlackElo "2443"]

1.d4 Nf6 2.Nf3 g6 3.c4 Bg7 4.Nc3 O-O 5.e4 d6 6.Be2 Nbd7 7.O-O e5 8.Be3 c6
9.dxe5 dxe5 10.Ne1 Qe7 11.Nd3 Ne8 12.b4 Nc7 13.Nc5 Rd8 14.Qb3 Nf8 15.Rfd1 Re8
16.Bf1 f5 17.f3 f4 18.Bf2 g5 19.b5 b6 20.Nd3 c5 21.Nd5 Qf7 22.Nxc7 Qxc7 23.Nc1 Ne6
24.a4 a5 25.bxa6 Rxa6 26.Qb5 Re7 27.Nb3 Nd4 28.Nxd4 exd4 29.Be1 g4 30.Ra2 Qa7
31.Rda1 Bd7 32.Qb3 Bf8 33.a5 Rg7 34.Be2 bxa5 35.Rxa5 Rxa5 36.Rxa5 Qc7 37.Ra8 gxf3
38.Bxf3 Bc6 39.Ra6 Bb7 40.Ra7 Qb8 41.Qb6 Qc8  1/2-1/2